Sports Quiz

Random Sports or Football Quiz
Score 0/43 Timer 10:00
5 Plays Today
Nation Footballer % Correct
PortugalJoão Félix
97.5%
WalesGareth Bale
95.8%
FranceKylian Mbappé
91.6%
BrazilNeymar
80.4%
UruguayLuis Suarez
77.5%
ColombiaJames Rodríguez
73.3%
GabonPierre-Emerick Aubameyang
72%
SwedenZlatan Ibrahimović
70.8%
United StatesChristian Pulisic
68.3%
EgyptMohamed Salah
65.5%
SpainÁlvaro Morata
61.5%
EnglandHarry Maguire
61%
UkraineAndriy Shevchenko
57.6%
IcelandGylfi Sigurðsson
57.5%
BulgariaDimitar Berbatov
55.4%
ChileAlexis Sánchez
55.1%
Côte d'IvoireNicolas Pépé
53.7%
Bosnia & HerzegovinaEdin Džeko
50.9%
ArgentinaGonzalo Higuaín
50.6%
CroatiaMateo Kovačić
49.2%
GermanyLeroy Sané
46.5%
NetherlandsMatthijs de Ligt
45.2%
Nation Footballer % Correct
GhanaMichael Essien
45.2%
ItalyGianluigi Buffon
43.8%
AlgeriaRiyad Mahrez
43.5%
ArmeniaHenrikh Mkhitaryan
41.4%
GuineaNaby Keïta
41%
BelgiumEden Hazard
39.6%
SenegalSadio Mané
37.3%
CzechiaPavel Nedvěd
30.6%
South KoreaHeung-Min Son
30.5%
TurkeyArda Turan
24.8%
SwitzerlandGranit Xhaka
22.4%
GreeceKonstantinos Manolas
21.8%
JapanShoya Nakajima
16.1%
SerbiaLuka Jović
15%
RussiaAleksandr Golovin
14.5%
PolandKrzysztof Piątek
14.3%
Central African RepublicGeoffrey Kondogbia
11.7%
NigeriaAlex Iwobi
11%
SlovakiaMilan Skriniar
9.1%
Dem. Rep. of the CongoCédric Bakambu
6.7%
MexicoRaúl Jiménez/Hirving Lozano
2.2%

You're not logged in!

Compare scores with friends on all Sporcle quizzes.
OR
Log In

Sporcle TV

Today on Sporcle TV


Watch our educational content, quiz creation guides, and fun videos on Sporcle TV.

Show Comments

Extras

Top Quizzes Today


Score Distribution

Paid Content

Your Account Isn't Verified!

In order to create a playlist on Sporcle, you need to verify the email address you used during registration. Go to your Sporcle Settings to finish the process.

Report this User

Report this user for behavior that violates our Community Guidelines.

Details: